کمپيو ٹر شنا سی (Record no. 87379)

MARC details
000 -LEADER
fixed length control field 01301nam a22002777a 4500
005 - DATE AND TIME OF LATEST TRANSACTION
control field 20170411151730.0
008 - FIXED-LENGTH DATA ELEMENTS--GENERAL INFORMATION
fixed length control field 140714b xxu||||| |||| 00| 0 Urdu d
010 ## - LCCN (DPL NO)
LC control number UR-132 B-548030-033 B-665906
020 ## - INTERNATIONAL STANDARD BOOK NUMBER
International Standard Book Number 9789350732045
Terms of availability 400.00
035 ## - SYSTEM CONTROL NUMBER
System control number U-132 B-548030-033 B-665906
037 ## - SOURCE OF ACQUISITION
Source of stock number/acquisition BPPD/Pub/Ven
037 ## - SOURCE OF ACQUISITION
Source of stock number/acquisition Pansy Books(Vend.)/Edu.Pub. House(Pub.)
040 ## - CATALOGING SOURCE
Original cataloging agency DPL
Language of cataloging Urdu
082 ## - DEWEY DECIMAL CLASSIFICATION NUMBER
Classification number 004
100 ## - MAIN ENTRY--PERSONAL NAME
Personal name ر ا بعہ نسيم
245 ## - TITLE STATEMENT
Title کمپيو ٹر شنا سی
Statement of responsibility, etc ر ا بعہ نسيم
246 ## - VARYING FORM OF TITLE
Title proper/short title Computer Shanasi
Remainder of title by Rabia Naseem
260 ## - PUBLICATION, DISTRIBUTION, ETC. (IMPRINT)
Place of publication, distribution, etc د ھلی
Name of publisher, distributor, etc ا يجو کيشنل پبليشنگ ہا ؤس
Date of publication, distribution, etc 2013
260 ## - PUBLICATION, DISTRIBUTION, ETC. (IMPRINT)
Name of publisher, distributor, etc Pansy Books(Vender)
270 ## - ADDRESS
Address 3108،و کيل اسٹر يٹ ،کو چہ پنڈ ت ،لال کنو ا ن
City د ھلی
Postal code 110006
Telephone number 23216162،23214465
270 ## - ADDRESS
Address R2,/66/A Somesh Vihar,Chhawala
City New Delhi
Postal code 110071
Telephone number 01125317355
300 ## - PHYSICAL DESCRIPTION
Extent 438ص
Dimensions 22Cm (Hb)
942 ## - ADDED ENTRY ELEMENTS (KOHA)
Source of classification or shelving scheme Dewey Decimal Classification
Item type Urdu Bks
Edition
Classification part 004
Call number suffix ر ا ب
Holdings
Withdrawn status Lost status Source of classification or shelving scheme Damaged status Not for loan Collection code Home library Current library Date acquired Source of acquisition Cost, normal purchase price Total Checkouts Full call number Barcode Date last seen Copy number Cost, replacement price Koha item type
    Dewey Decimal Classification     Non-fiction Ashok Vihar Ashok Vihar 11/04/2017 BPPD/UR/2014-15/AV/16-17/656/17.217//P/1638/6.3.17/8.3.17 400.00   004 ر ا ب B-665906 11/04/2017 1 400.00 Urdu Bks
    Dewey Decimal Classification     Non-fiction Central Library Central Library 19/11/2014 BPPD/UR/2014-15/125/01-08-2014/1469/14/08/2014/2/09/2014 400.00   004 ر ا ب B-548030 19/11/2014 1 400.00 Urdu Bks
    Dewey Decimal Classification     Non-fiction Patel Nagar Patel Nagar 19/11/2014 BPPD/UR/2014-15/125/01-08-2014/1469/14/08/2014/2/09/2014 400.00   004 ر ا ب B-548031 19/11/2014 1 400.00 Urdu Bks
    Dewey Decimal Classification     Non-fiction Sarojini Nagar Sarojini Nagar 19/11/2014 BPPD/UR/2014-15/125/01-08-2014/1469/14/08/2014/2/09/2014 400.00   004 ر ا ب B-548032 19/11/2014 1 400.00 Urdu Bks
    Dewey Decimal Classification     Non-fiction Shahdara Branch Shahdara Branch 19/11/2014 BPPD/UR/2014-15/125/01-08-2014/1469/14/08/2014/2/09/2014 400.00   004 ر ا ب B-548033 19/11/2014 1 400.00 Urdu Bks

© Delhi Public Library
Hit Counter
free hit counter